LEADER 01013nam0 2200265 i 450 001 SUN0074775 005 20130220024717.562 010 $a88-269-0068-X$bERR 100 $a20100324d1992 |0itac50 ba 101 $aita 102 $aIT 105 $a|||| ||||| 200 1 $aˆLa ‰gestione del magazzino$easpetti amministrativi, normativi e contabili$fLorenzo Prandina 210 $dMilano : Il sole 24 ore$d1992 215 $aXIII, 107 p.$d21 cm. 620 $dMilano$3SUNL000284 676 $a658.785$v21 700 1$aPrandina$b, Lorenzo$3SUNV060973$0724412 712 $aIl sole 24 ore$3SUNV001053$4650 801 $aIT$bSOL$c20181109$gRICA 912 $aSUN0074775 950 $aUFFICIO DI BIBLIOTECA DEL DIPARTIMENTO DI ECONOMIA$d03 PREST IIBf48 $e03 3366 995 $aUFFICIO DI BIBLIOTECA DEL DIPARTIMENTO DI ECONOMIA$bIT-CE0106$h3366$kPREST IIBf48$op$qa 996 $aGestione del magazzino$91419331 997 $aUNICAMPANIA LEADER 00990nam0-2200337 --450 001 9910448160103321 005 20210421134009.0 020 $aIT$b835656 100 $a20210420d1981----kmuy0itay5050 ba 101 2 $aita$cfre 102 $aIT 105 $a 001yy 200 1 $aPer una teoria del simbolismo$euna ricerca antropologica$fDan Sperber 210 $aTorino$cEinaudi$d[1981] 215 $aX, 149 p.$d18 cm 225 1 $aNuovo politecnico$v121 300 $aTrad. di Franca Zanelli Quarantini e Maria Vittoria Malvano 610 0 $aSimboli 676 $a149.94$v18 676 $a149.94$v19 700 1$aSperber,$bDan$0143189 702 1$aMalvano,$bMaria Vittoria 702 1$aZanelli Quarantini,$bFranca 801 0$aIT$bUNINA$gREICAT$2UNIMARC 901 $aBK 912 $a9910448160103321 952 $aLEPORE 37$b37/2021$fFARBC 952 $aLEPORE 51$b37/2021$fFARBC 959 $aFARBC 996 $aPer una teoria del simbolismo$9205471 997 $aUNINA LEADER 00991nam a2200265 i 4500 001 991001143779707536 005 20020502184229.0 008 970427s1989 it ||| | ita 020 $a8821518043 035 $ab11470124-39ule_inst 035 $aPRUMB55697$9ExL 040 $aScuola per assistenti sociali$bita 082 0 $a248.8 100 1 $aPiwowarczyk, Bogdan$0527125 245 13$aLa fede difficile :$bsaggio sullo stato spirituale dei giovani d'oggi /$cBogdan Piwowarczyk ; presentazione di Monsignor Bronislaw Dabrowski 260 $aCinisello Blasamo :$bPaoline,$c1989 300 $a109 p. ;$c20 cm. 490 0 $aPunti caldi 650 4$aGiovani - Religiosità 907 $a.b11470124$b01-03-17$c01-07-02 912 $a991001143779707536 945 $aLE024 VV II 16$g1$i2024000020569$lle021$nex DUSS$o-$pE0.00$q-$rl$s- $t0$u0$v0$w0$x0$y.i11659385$z01-07-02 996 $aFede difficile$9811872 997 $aUNISALENTO 998 $ale021$b01-01-97$cm$da $e-$fita$git $h3$i1